[Event "XtraCon-Skakligaen"]
[Site "Denmark"]
[Date "2009.01.11"]
[Round "5.5"]
[White "Kristensen, Kaare Hove"]
[Black "Pedersen, Daniel Vesterbaek"]
[Result "1/2-1/2"]
[WhiteElo "2215"]
[BlackElo "2234"]
[PlyCount "99"]
[EventDate "2008.11.01"]
[EventType "team-tourn"]
[EventRounds "9"]
[EventCountry "DEN"]
[WhiteTeam "Nordkalotten"]
[BlackTeam "Aalborg"]
[WhiteTeamCountry "DEN"]
[BlackTeamCountry "DEN"]

1. d4 d5 2. Nc3 Nf6 3. Bg5 Nbd7 4. Qd3 h6 5. Bh4 b6 6. e4 dxe4 7. Nxe4 Bb7 8.
Nxf6+ Nxf6 9. Nf3 e6 10. Ne5 Qd5 11. Qb5+ c6 12. Qxd5 Nxd5 13. O-O-O Be7 14.
Bxe7 Kxe7 15. g3 Nb4 16. a3 c5 17. Rg1 Nc6 18. Nxc6+ Bxc6 19. dxc5 bxc5 20. Bc4
g5 21. Rge1 Rad8 22. Rxd8 Rxd8 23. Re5 Bf3 24. Be2 f6 25. Re3 Bxe2 26. Rxe2 Rd4
27. Re3 g4 28. c3 Rd5 29. Re4 Rf5 30. Rxg4 Rxf2 31. Rh4 e5 32. b4 Ke6 33. c4
Ra2 34. bxc5 Rxa3 35. Kc2 Ra5 36. Kc3 Rxc5 37. Rxh6 Rc7 38. g4 a5 39. g5 Kf5
40. Rxf6+ Kxg5 41. Ra6 Kf4 42. Rxa5 e4 43. c5 e3 44. Kc4 e2 45. Ra1 Ke3 46. Re1
Kd2 47. Rxe2+ Kxe2 48. Kd5 Kf3 49. c6 Kg4 50. Kd6 1/2-1/2

[Event "XtraCon-Skakligaen"]
[Site "Denmark"]
[Date "2009.01.11"]
[Round "5.6"]
[White "Nielsen, Steffen Slumstrup"]
[Black "Hove, Esben Kjems"]
[Result "0-1"]
[WhiteElo "2221"]
[BlackElo "2285"]
[PlyCount "72"]
[EventDate "2008.11.01"]
[EventType "team-tourn"]
[EventRounds "9"]
[EventCountry "DEN"]
[WhiteTeam "Aalborg"]
[BlackTeam "Nordkalotten"]
[WhiteTeamCountry "DEN"]
[BlackTeamCountry "DEN"]

1. e4 c6 2. d4 d5 3. Nc3 dxe4 4. Nxe4 Bf5 5. Ng3 Bg6 6. Bc4 e6 7. N1e2 Bd6 8.
O-O Ne7 9. f4 Nd7 10. Bd3 Nf6 11. f5 Bxf5 12. Nxf5 Nxf5 13. Bxf5 exf5 14. Rxf5
O-O 15. Bg5 Qd7 16. Qd3 Nd5 17. Raf1 f6 18. Bd2 Rae8 19. Rh5 g6 20. Rh3 f5 21.
Kh1 Qe6 22. Ng1 Nf6 23. c4 Ng4 24. Qb3 Be7 25. d5 cxd5 26. cxd5 Qb6 27. d6+
Qxb3 28. Rxb3 Bxd6 29. h3 Nf6 30. Rxb7 Rb8 31. Rxa7 Ne4 32. Be1 Rxb2 33. Nf3
Rb1 34. Nh2 Bc5 35. Rc7 Rxe1 36. Rxe1 Ng3# 0-1

[Event "XtraCon-Skakligaen"]
[Site "Denmark"]
[Date "2009.01.11"]
[Round "5.7"]
[White "Koch, Soren Andreas"]
[Black "Hjorth, Torben"]
[Result "1-0"]
[WhiteElo "2178"]
[BlackElo "2159"]
[PlyCount "89"]
[EventDate "2008.11.01"]
[EventType "team-tourn"]
[EventRounds "9"]
[EventCountry "DEN"]
[WhiteTeam "Nordkalotten"]
[BlackTeam "Aalborg"]
[WhiteTeamCountry "DEN"]
[BlackTeamCountry "DEN"]

1. d4 Nf6 2. Nf3 e6 3. c4 a6 4. Nc3 c5 5. g3 d5 6. cxd5 Nxd5 7. Bg2 Be7 8. O-O
O-O 9. Qb3 cxd4 10. Nxd5 Qxd5 11. Qxd5 exd5 12. Nxd4 Rd8 13. Be3 Nc6 14. Nxc6
bxc6 15. Rac1 Bb7 16. Rfd1 Rac8 17. Bh3 Rb8 18. Ba7 Ra8 19. Bb6 Rd6 20. Bc5 Rh6
21. Bxe7 Rxh3 22. Bh4 Re8 23. Kg2 Rxh4 24. gxh4 Rxe2 25. Re1 Rxe1 26. Rxe1 Kf8
27. Re3 c5 28. Rb3 Bc6 29. Rb6 Bb5 30. f3 Ke7 31. Kf2 Kd7 32. Rb7+ Ke6 33. Rc7
Kd6 34. Rxf7 d4 35. Rxg7 Bd3 36. Ke1 Kd5 37. Kd2 Bb1 38. a3 Kc4 39. Rb7 a5 40.
f4 a4 41. h5 Be4 42. Re7 Bb1 43. Kc1 Bf5 44. Re5 Bg4 45. f5 1-0

[Event "XtraCon-Skakligaen"]
[Site "Denmark"]
[Date "2009.01.11"]
[Round "5.8"]
[White "Nielsen, Jorgen G"]
[Black "Lilja, Richard"]
[Result "1/2-1/2"]
[WhiteElo "2159"]
[BlackElo "2101"]
[PlyCount "50"]
[EventDate "2008.11.01"]
[EventType "team-tourn"]
[EventRounds "9"]
[EventCountry "DEN"]
[WhiteTeam "Aalborg"]
[BlackTeam "Nordkalotten"]
[WhiteTeamCountry "DEN"]
[BlackTeamCountry "DEN"]

1. d4 Nf6 2. c4 g6 3. Nc3 Bg7 4. e4 d6 5. f3 O-O 6. Be3 Nc6 7. Nge2 a6 8. Qd2
Rb8 9. g4 Bd7 10. Ng3 e5 11. Nce2 exd4 12. Nxd4 Ne5 13. Be2 b5 14. cxb5 axb5
15. b3 b4 16. O-O Kh8 17. Kg2 Ne8 18. h4 c5 19. Nc2 f5 20. gxf5 gxf5 21. exf5
Bxf5 22. Bg5 Qd7 23. Nxf5 Qxf5 24. Ne3 Qd7 25. Ng4 Qc6 1/2-1/2

[Event "XtraCon-Skakligaen"]
[Site "Denmark"]
[Date "2009.01.11"]
[Round "5.1"]
[White "Matthiesen, Arne"]
[Black "Nielsen, Peter Heine"]
[Result "0-1"]
[WhiteElo "2349"]
[BlackElo "2662"]
[PlyCount "138"]
[EventDate "2008.11.01"]
[EventType "team-tourn"]
[EventRounds "9"]
[EventCountry "DEN"]
[WhiteTeam "SK1968"]
[BlackTeam "Helsinge"]
[WhiteTeamCountry "DEN"]
[BlackTeamCountry "DEN"]

1. d4 Nf6 2. Nf3 d5 3. c4 e6 4. Nc3 c6 5. g3 dxc4 6. Ne5 b5 7. Bg2 a6 8. Nxc6
Qb6 9. Nxb8 Bb7 10. e4 Rxb8 11. O-O Rd8 12. Be3 Be7 13. a3 O-O 14. Qe2 Qc7 15.
Bf4 Qc8 16. Rfd1 Qa8 17. f3 Rc8 18. Bh3 Rfe8 19. Be3 Bf8 20. Rdc1 Bc6 21. a4
Qb8 22. axb5 axb5 23. Nd1 Qb7 24. b3 cxb3 25. Qb2 Ra8 26. Qxb3 Rxa1 27. Rxa1
Ra8 28. Rxa8 Qxa8 29. Bf1 b4 30. Nb2 Qa3 31. Bc4 Nd5 32. Bd2 Nb6 33. Bc1 Qa1
34. Qc2 Ba4 35. Qd2 Nxc4 36. Nxc4 Bb5 37. Qb2 Qa4 38. Ne3 b3 39. Kf2 h5 40. h4
g6 41. Qd2 Kh7 42. Bb2 Bg7 43. Qc3 Ba6 44. Qd2 Qa2 45. Nd1 Qb1 46. Ne3 Bd3 47.
Qc3 Qa2 48. Nd1 Ba6 49. Qd2 Bb7 50. Qc3 Qa4 51. Qc5 Ba6 52. Ke3 Qa2 53. Qa3
Bh6+ 54. Kf2 Bc4 55. Nc3 Qxa3 56. Bxa3 Bd2 57. Bb2 Kg8 58. Nb1 Bh6 59. Ke1 Bd3
60. Nd2 Bc2 61. Ke2 Bf8 62. Nc4 Bb4 63. d5 exd5 64. exd5 Kf8 65. Be5 Bf5 66.
Nd2 Bc2 67. Nc4 Ke8 68. Bf6 Kd7 69. Be5 Kc8 0-1

[Event "XtraCon-Skakligaen"]
[Site "Denmark"]
[Date "2009.01.11"]
[Round "5.2"]
[White "Berg, Emanuel"]
[Black "Matthiesen, Martin"]
[Result "1-0"]
[WhiteElo "2623"]
[BlackElo "2298"]
[PlyCount "79"]
[EventDate "2008.11.01"]
[EventType "team-tourn"]
[EventRounds "9"]
[EventCountry "DEN"]
[WhiteTeam "Helsinge"]
[BlackTeam "SK1968"]
[WhiteTeamCountry "DEN"]
[BlackTeamCountry "DEN"]

1. e4 c5 2. Nf3 d6 3. d4 cxd4 4. Nxd4 Nf6 5. Nc3 a6 6. Bg5 e6 7. f4 h6 8. Bh4
Nbd7 9. Qf3 e5 10. Nf5 exf4 11. Bxf6 Nxf6 12. O-O-O Qa5 13. Bc4 Be6 14. e5
O-O-O 15. exf6 Qxf5 16. Nd5 gxf6 17. Rd4 Kb8 18. Rhd1 Rc8 19. Rxf4 Qe5 20. Bxa6
Rc5 21. Bc4 f5 22. Bb3 h5 23. Kb1 Rg8 24. g3 Rg4 25. h3 Bg7 26. c3 Rxf4 27.
Nxf4 Rb5 28. Nxh5 Bh8 29. Kc2 Qe4+ 30. Qxe4 fxe4 31. Nf4 Be5 32. Bxe6 fxe6 33.
Rf1 Rb6 34. h4 d5 35. g4 Rc6 36. Ng6 Bd6 37. h5 d4 38. h6 Rc7 39. Rh1 dxc3 40.
h7 1-0

[Event "XtraCon-Skakligaen"]
[Site "Denmark"]
[Date "2009.01.11"]
[Round "5.3"]
[White "Sobjerg, Erik"]
[Black "Cmilyte, Viktorija"]
[Result "0-1"]
[WhiteElo "2304"]
[BlackElo "2512"]
[PlyCount "44"]
[EventDate "2008.11.01"]
[EventType "team-tourn"]
[EventRounds "9"]
[EventCountry "DEN"]
[WhiteTeam "SK1968"]
[BlackTeam "Helsinge"]
[WhiteTeamCountry "DEN"]
[BlackTeamCountry "DEN"]

1. f4 c5 2. Nf3 d5 3. g3 g6 4. Bg2 Bg7 5. O-O Nf6 6. d3 O-O 7. c3 Nc6 8. Na3 b6
9. Qa4 Bd7 10. Qc2 d4 11. Nh4 Rc8 12. f5 gxf5 13. Nxf5 Bxf5 14. Rxf5 dxc3 15.
Bxc6 cxb2 16. Bxb2 Rxc6 17. Qa4 Re6 18. Re1 Qd7 19. Rf4 Rd8 20. Qb3 Qd5 21. Nc4
Bh6 22. Rf3 Rxe2 0-1

[Event "XtraCon-Skakligaen"]
[Site "Denmark"]
[Date "2009.01.11"]
[Round "5.4"]
[White "Glud, Jakob Vang"]
[Black "Lindfeldt, Jan Magnus"]
[Result "1-0"]
[WhiteElo "2444"]
[BlackElo "2249"]
[PlyCount "99"]
[EventDate "2008.11.01"]
[EventType "team-tourn"]
[EventRounds "9"]
[EventCountry "DEN"]
[WhiteTeam "Helsinge"]
[BlackTeam "SK1968"]
[WhiteTeamCountry "DEN"]
[BlackTeamCountry "DEN"]

1. c4 g6 2. g3 Bg7 3. Bg2 e5 4. Nc3 f5 5. d3 Nf6 6. e4 O-O 7. Nge2 d6 8. exf5
Bxf5 9. O-O Nbd7 10. d4 c6 11. h3 h5 12. Bg5 Qb6 13. b3 Rf7 14. Qd2 Re8 15.
Rae1 Qc7 16. Kh2 Nf8 17. b4 N6h7 18. Be3 a5 19. b5 Bd7 20. b6 Qd8 21. Ne4 Be6
22. d5 cxd5 23. cxd5 Bf5 24. Qxa5 Nf6 25. N2c3 Nxe4 26. Nxe4 Bxe4 27. Bxe4 Qa8
28. Qb5 Rc8 29. a4 Kh7 30. Rc1 Bh6 31. Kg2 h4 32. g4 Bf4 33. a5 Kh6 34. Qb4
Rxc1 35. Rxc1 Qd8 36. Qc3 Nd7 37. Rb1 Qf8 38. f3 Bxe3 39. Qxe3+ Rf4 40. a6 bxa6
41. b7 Qb8 42. Qe1 g5 43. Qa5 Nc5 44. Bf5 Ra4 45. Qb6 Ra2+ 46. Kh1 Ra3 47. Qc6
Rxf3 48. Qc8 Rxh3+ 49. Kg2 Rg3+ 50. Kh2 1-0

[Event "XtraCon-Skakligaen"]
[Site "Denmark"]
[Date "2009.01.11"]
[Round "5.5"]
[White "Hansen, Bjarne"]
[Black "Hutters, Tomas"]
[Result "0-1"]
[WhiteElo "2257"]
[BlackElo "2413"]
[PlyCount "82"]
[EventDate "2008.11.01"]
[EventType "team-tourn"]
[EventRounds "9"]
[EventCountry "DEN"]
[WhiteTeam "SK1968"]
[BlackTeam "Helsinge"]
[WhiteTeamCountry "DEN"]
[BlackTeamCountry "DEN"]

1. d4 Nf6 2. c4 g6 3. Nc3 Bg7 4. e4 d6 5. Bd3 O-O 6. Nge2 a6 7. O-O Nbd7 8. Ng3
c5 9. d5 b5 10. f4 Ne8 11. Qe1 Nc7 12. a4 bxc4 13. Bxc4 a5 14. Rf3 Ba6 15. Nb5
Rb8 16. Bd2 Nxb5 17. axb5 Bxb5 18. Bxa5 Qc8 19. Bxb5 Rxb5 20. Bc3 c4 21. Bxg7
Kxg7 22. Qc3+ Nf6 23. Qd4 Qc5 24. Qxc5 Rxc5 25. Rc3 Rb8 26. Rc2 Rcb5 27. Rxc4
Rxb2 28. Re1 Ra2 29. Nf1 Rbb2 30. Rc7 Rxg2+ 31. Kh1 Ng4 32. Rxe7 Nxh2 33. Nxh2
Rxh2+ 34. Kg1 Rag2+ 35. Kf1 Rg4 36. e5 Rxf4+ 37. Kg1 Rh5 38. Kg2 Rg5+ 39. Kh3
Rxe5 40. R7xe5 dxe5 41. Rd1 Rd4 0-1

[Event "XtraCon-Skakligaen"]
[Site "Denmark"]
[Date "2009.01.11"]
[Round "5.6"]
[White "Bekker Jensen, Simon"]
[Black "Bank, Pelle Rodkjaer"]
[Result "1-0"]
[WhiteElo "2410"]
[BlackElo "2231"]
[PlyCount "43"]
[EventDate "2008.11.01"]
[EventType "team-tourn"]
[EventRounds "9"]
[EventCountry "DEN"]
[WhiteTeam "Helsinge"]
[BlackTeam "SK1968"]
[WhiteTeamCountry "DEN"]
[BlackTeamCountry "DEN"]

1. d4 b5 2. e4 e6 3. Nf3 a6 4. Bd3 c5 5. c3 Bb7 6. O-O Nf6 7. Qe2 Nc6 8. Nbd2
cxd4 9. cxd4 Qb6 10. Nb3 Be7 11. Bg5 h6 12. Be3 Nb4 13. d5 Qd8 14. Bb1 exd5 15.
e5 Ne4 16. Nfd4 O-O 17. Nf5 Kh8 18. Qh5 Bg5 19. f4 Be7 20. Nxh6 gxh6 21. Qxh6+
Kg8 22. Rf3 1-0

[Event "XtraCon-Skakligaen"]
[Site "Denmark"]
[Date "2009.01.11"]
[Round "5.7"]
[White "Hansen, Lars"]
[Black "Fries Nielsen, Niels Jorgen"]
[Result "1/2-1/2"]
[WhiteElo "2212"]
[BlackElo "2393"]
[PlyCount "50"]
[EventDate "2008.11.01"]
[EventType "team-tourn"]
[EventRounds "9"]
[EventCountry "DEN"]
[WhiteTeam "SK1968"]
[BlackTeam "Helsinge"]
[WhiteTeamCountry "DEN"]
[BlackTeamCountry "DEN"]

1. e4 Nf6 2. Nc3 d5 3. e5 d4 4. exf6 dxc3 5. fxg7 cxd2+ 6. Bxd2 Bxg7 7. Qf3 Qd6
8. O-O-O Qf6 9. Qxf6 Bxf6 10. Nf3 Bg4 11. Be2 Nd7 12. h3 Be6 13. Be3 a6 14. Ng5
Bf5 15. Bg4 Bxg4 16. hxg4 Bxg5 17. Bxg5 f6 18. Bh6 Rg8 19. f3 e5 20. Rh5 b6 21.
Rf5 Ke7 22. Rh1 Ke6 23. Be3 Nf8 24. Rfh5 Rd8 25. Bh6 Ng6 1/2-1/2

[Event "XtraCon-Skakligaen"]
[Site "Denmark"]
[Date "2009.01.11"]
[Round "5.8"]
[White "Bekker Jensen, David"]
[Black "Alkaersig, Ole"]
[Result "1-0"]
[WhiteElo "2310"]
[BlackElo "2186"]
[PlyCount "67"]
[EventDate "2008.11.01"]
[EventType "team-tourn"]
[EventRounds "9"]
[EventCountry "DEN"]
[WhiteTeam "Helsinge"]
[BlackTeam "SK1968"]
[WhiteTeamCountry "DEN"]
[BlackTeamCountry "DEN"]

1. d4 Nf6 2. c4 e6 3. Nc3 c5 4. d5 exd5 5. cxd5 d6 6. g3 g6 7. Bg2 Bg7 8. Nf3
O-O 9. O-O a6 10. a4 Re8 11. Bf4 Ne4 12. Nxe4 Rxe4 13. Nd2 Rb4 14. Ra2 Qe7 15.
b3 Nd7 16. Nc4 Ne5 17. Qc2 Nxc4 18. bxc4 Bd7 19. e4 Rc8 20. Bd2 b5 21. cxb5
axb5 22. Bxb4 cxb4 23. Qb3 Bc3 24. a5 f5 25. f3 fxe4 26. fxe4 Ra8 27. Rc1 Qe5
28. Kh1 Bg4 29. Rf1 h5 30. Raf2 h4 31. gxh4 Qh5 32. Qc2 Be5 33. Bf3 Rc8 34.
Qxc8+ 1-0

[Event "XtraCon-Skakligaen"]
[Site "Denmark"]
[Date "2009.01.25"]
[Round "6.1"]
[White "Matthiesen, Arne"]
[Black "Rasmussen, Allan Stig"]
[Result "0-1"]
[WhiteElo "2349"]
[BlackElo "2501"]
[PlyCount "70"]
[EventDate "2008.11.01"]
[EventType "team-tourn"]
[EventRounds "9"]
[EventCountry "DEN"]
[WhiteTeam "SK1968"]
[BlackTeam "Jetsmark"]
[WhiteTeamCountry "DEN"]
[BlackTeamCountry "DEN"]

1. d4 d5 2. c4 c6 3. Nf3 Nf6 4. e3 e6 5. Nbd2 Nbd7 6. Bd3 c5 7. cxd5 Nxd5 8.
O-O Be7 9. b3 O-O 10. Bb2 b6 11. Rc1 Bb7 12. a3 Rc8 13. Qe2 Rc7 14. dxc5 Nxc5
15. Bc4 Bf6 16. Bxf6 Nxf6 17. Nd4 e5 18. N4f3 Qe7 19. Nb1 Rfc8 20. Rcd1 h6 21.
Qb2 Bxf3 22. gxf3 e4 23. Qe2 exf3 24. Qxf3 Nfe4 25. Rd4 Rc6 26. b4 Ng5 27. Qf5
g6 28. Qg4 Nce6 29. Bxe6 Nxe6 30. Rdd1 Rc4 31. Qg2 Qh4 32. f4 Ng7 33. e4 Nh5
34. f5 Rxe4 35. Qf2 Rg4+ 0-1

[Event "XtraCon-Skakligaen"]
[Site "Denmark"]
[Date "2009.01.25"]
[Round "6.2"]
[White "Pedersen, Christian Kyndel"]
[Black "Matthiesen, Martin"]
[Result "1/2-1/2"]
[WhiteElo "2426"]
[BlackElo "2298"]
[PlyCount "96"]
[EventDate "2008.11.01"]
[EventType "team-tourn"]
[EventRounds "9"]
[EventCountry "DEN"]
[WhiteTeam "Jetsmark"]
[BlackTeam "SK1968"]
[WhiteTeamCountry "DEN"]
[BlackTeamCountry "DEN"]

1. e4 c5 2. Nf3 d6 3. d4 cxd4 4. Nxd4 Nf6 5. Nc3 a6 6. Bg5 e6 7. f4 h6 8. Bh4
Nbd7 9. Qf3 e5 10. Nf5 exf4 11. Bxf6 Nxf6 12. O-O-O Qa5 13. Bc4 g6 14. Nxd6+
Bxd6 15. Rxd6 Qe5 16. Qd3 O-O 17. Qd4 Qxd4 18. Rxd4 Be6 19. e5 Bxc4 20. exf6
Rac8 21. Rxf4 Rfe8 22. Rd1 g5 23. Rfd4 Rc6 24. h4 Re5 25. Rh1 Kh7 26. hxg5 Rxg5
27. Rhh4 Bf1 28. g4 Bg2 29. Rf4 Re6 30. Rf2 Bc6 31. Ne2 Rg6 32. Nd4 Rexf6 33.
Rxf6 Rxf6 34. g5 Rg6 35. gxh6 Bd7 36. Nf3 f6 37. Rd4 Bc6 38. Nh4 Rg1+ 39. Kd2
Kxh6 40. Nf5+ Kg5 41. Ne3 f5 42. Rd8 Rh1 43. Nd5 Rh2+ 44. Kd3 Kg4 45. Rg8+ Kh4
46. Rh8+ Kg3 47. Rg8+ Kh4 48. Rh8+ Kg3 1/2-1/2

[Event "XtraCon-Skakligaen"]
[Site "Denmark"]
[Date "2009.01.25"]
[Round "6.3"]
[White "Holst, Allan"]
[Black "Christensen, Stefan"]
[Result "1/2-1/2"]
[WhiteElo "2352"]
[BlackElo "2319"]
[PlyCount "41"]
[EventDate "2008.11.01"]
[EventType "team-tourn"]
[EventRounds "9"]
[EventCountry "DEN"]
[WhiteTeam "SK1968"]
[BlackTeam "Jetsmark"]
[WhiteTeamCountry "DEN"]
[BlackTeamCountry "DEN"]

1. c4 e5 2. Nc3 Nf6 3. Nf3 Nc6 4. g3 d5 5. cxd5 Nxd5 6. Bg2 Nb6 7. O-O Be7 8.
d3 O-O 9. b3 Be6 10. Bb2 f6 11. Nd2 Qd7 12. Nc4 Nd5 13. Rc1 Nxc3 14. Bxc3 Bd5
15. Qd2 Bxg2 16. Kxg2 a5 17. Qc2 Nb4 18. Qb1 b6 19. Bd2 Nc6 20. Be3 Nd4 21.
Bxd4 1/2-1/2

[Event "XtraCon-Skakligaen"]
[Site "Denmark"]
[Date "2009.01.25"]
[Round "6.4"]
[White "Baekgaard, Martin"]
[Black "Lindfeldt, Jan Magnus"]
[Result "1-0"]
[WhiteElo "2294"]
[BlackElo "2249"]
[PlyCount "73"]
[EventDate "2008.11.01"]
[EventType "team-tourn"]
[EventRounds "9"]
[EventCountry "DEN"]
[WhiteTeam "Jetsmark"]
[BlackTeam "SK1968"]
[WhiteTeamCountry "DEN"]
[BlackTeamCountry "DEN"]

1. d4 Nf6 2. c4 g6 3. Nc3 Bg7 4. e4 O-O 5. Nf3 d6 6. h3 e5 7. d5 Nh5 8. Nh2 c6
9. Be3 a6 10. a4 a5 11. c5 dxc5 12. Bxc5 Re8 13. Qb3 cxd5 14. Nxd5 Be6 15. Bc4
Nd7 16. Be3 Nf4 17. O-O Rc8 18. Rfd1 Qg5 19. Bxf4 exf4 20. Nf3 Qh6 21. Rac1 Nc5
22. Qb5 Bd7 23. Qxa5 Bxb2 24. Rb1 Nxa4 25. Bb5 Ra8 26. Qb4 Bxb5 27. Qxb5 Bg7
28. Qxb7 Nc5 29. Qc6 Nxe4 30. Ne7+ Kf8 31. Qxe4 Bf6 32. Rb7 Rac8 33. Rdd7 g5
34. Nf5 Rc1+ 35. Kh2 Rxe4 36. Rxf7+ Ke8 37. Nd6+ 1-0

[Event "XtraCon-Skakligaen"]
[Site "Denmark"]
[Date "2009.01.25"]
[Round "6.5"]
[White "Hansen, Bjarne"]
[Black "Helledie, Anders"]
[Result "1/2-1/2"]
[WhiteElo "2257"]
[BlackElo "2215"]
[PlyCount "116"]
[EventDate "2008.11.01"]
[EventType "team-tourn"]
[EventRounds "9"]
[EventCountry "DEN"]
[WhiteTeam "SK1968"]
[BlackTeam "Jetsmark"]
[WhiteTeamCountry "DEN"]
[BlackTeamCountry "DEN"]

1. d4 Nf6 2. c4 g6 3. Nc3 Bg7 4. e4 d6 5. Nf3 O-O 6. Be2 e5 7. O-O Nc6 8. d5
Ne7 9. Ne1 Nd7 10. f3 f5 11. g4 a5 12. Be3 Rf7 13. Nd3 b6 14. Kh1 f4 15. Bf2 g5
16. Rg1 h5 17. h3 Nf6 18. Qc2 hxg4 19. hxg4 Qf8 20. Bd1 Bh8 21. Rg2 Ng6 22. Rh2
Bd7 23. Nb5 Qc8 24. Be1 Bg7 25. b4 axb4 26. Nxb4 Bf8 27. a4 Be7 28. Nc6 Bd8 29.
a5 Bxc6 30. dxc6 bxa5 31. c5 dxc5 32. Qc4 Kg7 33. Bb3 Rf8 34. Qxc5 Be7 35. Qc4
Ne8 36. Bc3 Nd6 37. Qd5 Nxb5 38. Qxb5 Bd6 39. Qc4 Nh4 40. Rf2 Qa6 41. Qd5 Rae8
42. Kg1 Qb6 43. Kf1 Qc5 44. Qxc5 Bxc5 45. Rxa5 Bxf2 46. Rxe5 Rxe5 47. Bxe5+ Kh6
48. Kxf2 Ng6 49. Bc3 Re8 50. Ba5 Re7 51. Bd5 Ne5 52. Bc3 Kg6 53. Ke2 Kf6 54.
Bd4 Rh7 55. Kf2 Rh2+ 56. Ke1 Rh3 57. Ke2 Rh2+ 58. Ke1 Rh3 1/2-1/2

[Event "XtraCon-Skakligaen"]
[Site "Denmark"]
[Date "2009.01.25"]
[Round "6.6"]
[White "Wiwe, Andreas"]
[Black "Hansen, Lars"]
[Result "1-0"]
[WhiteElo "2185"]
[BlackElo "2212"]
[PlyCount "73"]
[EventDate "2008.11.01"]
[EventType "team-tourn"]
[EventRounds "9"]
[EventCountry "DEN"]
[WhiteTeam "Jetsmark"]
[BlackTeam "SK1968"]
[WhiteTeamCountry "DEN"]
[BlackTeamCountry "DEN"]

1. e4 g6 2. d4 Bg7 3. Nc3 c6 4. Nf3 d6 5. Be3 Nf6 6. Qd2 Nbd7 7. Bd3 e5 8. dxe5
dxe5 9. O-O-O Qe7 10. Kb1 b5 11. Ne2 Ng4 12. Bg5 Qc5 13. Rhf1 h6 14. Bh4 O-O
15. h3 Ngf6 16. Nh2 Kh7 17. f3 Nb6 18. Ng4 Nxg4 19. hxg4 Be6 20. Rh1 Kg8 21.
Nc1 Rfb8 22. Bf2 Qf8 23. Be3 g5 24. Ne2 b4 25. Ng3 Na4 26. Ka1 Qd8 27. Qe2 Qa5
28. Bc4 Nxb2 29. Bxe6 Nxd1 30. Bxf7+ Kh7 31. Rxd1 Rd8 32. Rd3 c5 33. Nf5 Qb5
34. Qd2 Rxd3 35. Qxd3 Qa5 36. Qd6 Rd8 37. Qg6+ 1-0

[Event "XtraCon-Skakligaen"]
[Site "Denmark"]
[Date "2009.01.25"]
[Round "6.7"]
[White "Riis, Jens"]
[Black "Jensen, Bjarke"]
[Result "0-1"]
[WhiteElo "2163"]
[BlackElo "2225"]
[PlyCount "70"]
[EventDate "2008.11.01"]
[EventType "team-tourn"]
[EventRounds "9"]
[EventCountry "DEN"]
[WhiteTeam "SK1968"]
[BlackTeam "Jetsmark"]
[WhiteTeamCountry "DEN"]
[BlackTeamCountry "DEN"]

1. d4 d5 2. Nf3 Nf6 3. Bf4 e6 4. e3 Bd6 5. Ne5 a6 6. Nd2 c5 7. c3 Qc7 8. Bg3
Nbd7 9. f4 b5 10. Bd3 Bb7 11. Qf3 Nb6 12. O-O Nc4 13. Bxc4 dxc4 14. e4 cxd4 15.
cxd4 Bb4 16. Rad1 Bxd2 17. Rxd2 Nxe4 18. Rc2 O-O 19. Qe3 Qd6 20. Bh4 f6 21. Nf3
Qd5 22. Re1 Rfe8 23. Rce2 Nd6 24. Qa3 Nf5 25. Bf2 a5 26. Qc3 b4 27. Qd2 Rac8
28. h3 c3 29. bxc3 Rxc3 30. Be3 Ng3 31. Rf2 Ne4 32. Qb2 Nxf2 33. Qxf2 Rec8 34.
Re2 Ba6 35. Rd2 Qe4 0-1

[Event "XtraCon-Skakligaen"]
[Site "Denmark"]
[Date "2009.01.25"]
[Round "6.8"]
[White "Rathlev, Jakob"]
[Black "Hansen, Jesper Maul"]
[Result "1-0"]
[WhiteElo "2172"]
[BlackElo "2125"]
[PlyCount "59"]
[EventDate "2008.11.01"]
[EventType "team-tourn"]
[EventRounds "9"]
[EventCountry "DEN"]
[WhiteTeam "Jetsmark"]
[BlackTeam "SK1968"]
[WhiteTeamCountry "DEN"]
[BlackTeamCountry "DEN"]

1. c4 Nf6 2. g3 c5 3. Bg2 e6 4. Nf3 Be7 5. O-O O-O 6. Nc3 a6 7. e4 d6 8. d4
cxd4 9. Nxd4 Qc7 10. Qe2 Nc6 11. Nc2 Bd7 12. Bd2 Rfc8 13. b3 Rab8 14. a4 Na5
15. Rfb1 b6 16. Nb4 Qa7 17. Nd3 Bc6 18. Be3 Qc7 19. h3 Rd8 20. Qa2 Bb7 21. Rc1
Rbc8 22. Nd5 exd5 23. cxd5 Qb8 24. Bxb6 Bxd5 25. Bxa5 Bxb3 26. Qb2 Rxc1+ 27.
Rxc1 Rd7 28. e5 dxe5 29. Nxe5 Ra7 30. Nc6 1-0

[Event "XtraCon-Skakligaen"]
[Site "Denmark"]
[Date "2009.01.25"]
[Round "6.1"]
[White "Antonsen, Mikkel"]
[Black "Hansen, Sune Berg"]
[Result "1/2-1/2"]
[WhiteElo "2442"]
[BlackElo "2544"]
[PlyCount "96"]
[EventDate "2008.11.01"]
[EventType "team-tourn"]
[EventRounds "9"]
[EventCountry "DEN"]
[WhiteTeam "Nastved"]
[BlackTeam "Helsingor"]
[WhiteTeamCountry "DEN"]
[BlackTeamCountry "DEN"]

1. d4 d5 2. c4 c6 3. Nf3 Nf6 4. e3 Bf5 5. Nc3 e6 6. Nh4 Be4 7. f3 Bg6 8. Qb3
Qc7 9. Bd2 a6 10. Rc1 Bd6 11. g3 Nbd7 12. c5 Be7 13. Nxg6 hxg6 14. f4 g5 15.
Bg2 gxf4 16. exf4 b6 17. cxb6 Nxb6 18. Qc2 Nc4 19. b3 Nxd2 20. Qxd2 Qa5 21. O-O
O-O 22. Ne4 Qxd2 23. Nxd2 Rfc8 24. Rc2 a5 25. Nf3 Ba3 26. Nd2 Ng4 27. Rf3 Bb4
28. Nb1 Nf6 29. f5 exf5 30. Rxf5 a4 31. bxa4 Ba5 32. Nc3 Ng4 33. Rf3 Bb6 34.
Ne2 Rxa4 35. Bh3 Bxd4+ 36. Kg2 Ba7 37. Nc3 Rc4 38. Bxg4 Rxg4 39. Nxd5 Re8 40.
Nf4 Bb8 41. h3 Rg5 42. Rxc6 Bxf4 43. Rxf4 Ra5 44. Rc2 Rea8 45. Rff2 Ra3 46. Rb2
R8a7 47. Rfd2 g6 48. Re2 Kg7 1/2-1/2

[Event "XtraCon-Skakligaen"]
[Site "Denmark"]
[Date "2009.01.25"]
[Round "6.2"]
[White "Mortensen, Erling"]
[Black "Olsen, Nils Linde"]
[Result "1-0"]
[WhiteElo "2455"]
[BlackElo "2256"]
[PlyCount "79"]
[EventDate "2008.11.01"]
[EventType "team-tourn"]
[EventRounds "9"]
[EventCountry "DEN"]
[WhiteTeam "Helsingor"]
[BlackTeam "Nastved"]
[WhiteTeamCountry "DEN"]
[BlackTeamCountry "DEN"]

1. e4 c5 2. Nf3 Nc6 3. Bb5 g6 4. c3 Nf6 5. e5 Nd5 6. O-O Bg7 7. d4 cxd4 8. cxd4
O-O 9. Nc3 Nc7 10. Re1 Nxb5 11. Nxb5 a6 12. Nc3 d6 13. exd6 Qxd6 14. d5 Ne5 15.
Bf4 Nxf3+ 16. Qxf3 Qb4 17. Be5 Bf5 18. Bxg7 Kxg7 19. Re3 Rac8 20. Qe2 Rc7 21.
h3 h5 22. Rd1 Rd8 23. a3 Qd6 24. Rd4 b5 25. Rh4 Rdc8 26. Qf3 Qf6 27. Qg3 Kf8
28. Rf4 Rc4 29. Rxc4 Rxc4 30. Qb8+ Rc8 31. Qa7 h4 32. Re1 Rc4 33. Qe3 b4 34.
axb4 Rxb4 35. Re2 g5 36. Rd2 g4 37. d6 exd6 38. Nd5 Qg7 39. Qe7+ Kg8 40. Nf6+
1-0